000 00456nam a2200181Ia 4500
001 13658
005 20260306164817.0
008 260306t2010||||xx |||||||||||||| ||spa||
041 _aESP
082 _a005.1
_bU831
100 _aUgarte Contreras, Olger
_eAUT
245 0 _aPlanificación y control de proyectos con Primavera P6
260 _c2010
300 _a334 pƔginas :
_c25 cm.
650 _aGEN
654 _aCCC
942 _cLIB
_dJUS
_fJUS
_2ddc
_n
999 _c13658
_d13658